| 000 | 00657nam a2200181 4500 | ||
|---|---|---|---|
| 003 | CO-ViMGA | ||
| 020 | _a9789587711615 | ||
| 040 |
_aCO-ViMGA _bspa _cCO-ViMGA |
||
| 082 | 0 | 4 |
_a602 _bT87i |
| 100 | 1 |
_aTurriago Hoyos, Alvaro _95072 |
|
| 245 | 1 | 0 |
_aInnovaciòn y Cambio Tècnologico en la sociedad de Conocimiento _cAlvaro, Turriago Hoyos |
| 250 | _aColecccion Estudios Escuela Internacional de Ciencias economicas y Administrativas | ||
| 260 |
_aBogotà, Colombia : _bUniversidad de la Sabana, _c2014 |
||
| 300 |
_a375 p. _bIl. ; dibujos. ; 25 cm. |
||
| 490 | _a2a. ed. | ||
| 500 | _aIncluye bibliografia, indice analítico y de autores. | ||
| 942 |
_2ddc _cBK |
||
| 999 |
_c35895 _d35895 |
||